000 00976nam a2200253Ia 4500
003 OSt
005 20220923213009.0
006 a|||||r|||| 00| 0
007 ta
008 220922b |||||||| |||| 00| 0 hin d
024 _a158,192
037 _cTextual
040 _aARTS
_cARTS
_bhin
041 _2hin
_ahin
082 _aO152,3N7:g(Y15), M9
100 _aरजवार, शीला
245 0 _aस्वातन्त्रयोत्तर हिन्दी कथा-साहित्य में नारी बदलते सन्दर्भ
246 _aSvātantrayottar hindī kathā-sāhitya mean nārī badalate sandarbha
260 _aदिल्ली
_b ईस्टर्न बुक लिंकर्स
_c1989
300 _a226 पृ.
_ccm.
650 _aहिन्दी साहित्य
_9156264
942 _hO152,3N7:g(Y15), M9
_cTEXL
_2CC
999 _c313009
_d313009